| 000 | 01123nam a2200253 a 4500 | ||
|---|---|---|---|
| 001 | 000021385 | ||
| 005 | 20200930011318.0 | ||
| 008 | 100907s1999 dr r 000 0 spa d | ||
| 040 |
_aDO-SdBNP _bspa _cBNPHU |
||
| 082 |
_a352.36377 _bR696m |
||
| 100 | 1 |
_aRodríguez Marchena, Roberto, _d1955- _929963 |
|
| 245 | 1 | 0 |
_aManieles de alegría / _cRoberto Rodríguez Marchena. |
| 260 |
_aSanto Domingo : _bAmigo del Hogar, _c1999. |
||
| 300 |
_a331 p. ; _c23 cm. |
||
| 500 | _aIncluye datos biográficos del autor en la solapa de la cubierta. | ||
| 590 | _aInventariado, 2018/BT | ||
| 650 | 4 |
_aPolítica de medios de comunicación de masas _zRepública Dominicana _vENSAYOS, CONFERENCIAS, ETC. _944643 |
|
| 650 | 4 |
_aPolítica de comunicación _zRepública Dominicana _vENSAYOS, CONFERENCIAS, ETC. _944644 |
|
| 650 | 4 |
_aReforma del estado _zRepública Dominicana _99500 |
|
| 650 | 4 |
_aDiarios dominicanos _xSecciones, columnas, etc. _944 |
|
| 651 | 4 |
_aRepública Dominicana _xPolítica Y Gobierno _vENSAYOS, CONFERENCIAS, ETC. _9205 |
|
| 730 | 0 |
_aLa Nación (República Dominicana) _98360 |
|
| 910 | _aValidado. Control de calidad. EMS | ||
| 999 |
_c20885 _d20885 |
||